[Event "Politiken Cup 2011"]
[Site "Helsingor"]
[Date "2011.08.04"]
[Round "7.21"]
[White "Johansson, Thomas"]
[Black "Hendriks, Willy"]
[Result "0-1"]
[WhiteElo "2207"]
[BlackElo "2415"]
[PlyCount "80"]
[EventDate "2011.??.??"]
[WhiteTeam "Malmø AS"]
[BlackTeam "De Toren Arnhem"]

1. c4 g6 2. g3 Bg7 3. Bg2 c5 4. Nc3 Nc6 5. Nf3 Nh6 6. d4 cxd4 7. Bxh6 Bxh6 8.
Nxd4 O-O 9. O-O Bg7 10. e3 Rb8 11. Qd2 a6 12. Rad1 Nxd4 13. exd4 d6 14. b4 Bg4
15. Rc1 Rc8 16. h3 Be6 17. Nd5 b5 18. Qg5 Bf6 19. Nxf6+ exf6 20. Qd2 Bxc4 21.
Rfe1 Kg7 22. Rc3 a5 23. Rce3 a4 24. a3 Qb6 25. Re7 Rc7 26. h4 h5 27. Qf4 Rfc8
28. R1e3 Rxe7 29. Rxe7 Rc7 30. Re8 Be6 31. Qe3 Rc4 32. Re7 d5 33. Bf1 Rc6 34.
Kh2 Kf8 35. Rxe6 Rxe6 36. Qf4 Kg7 37. Bd3 Re1 38. g4 hxg4 39. h5 gxh5 40. Qf5
Qxd4 0-1

[Event "Politiken Cup 2011"]
[Site "Helsingor"]
[Date "2011.08.04"]
[Round "7.42"]
[White "Christiansen, Jens Jorgen"]
[Black "Carstensen, Jacob"]
[Result "1/2-1/2"]
[WhiteElo "2115"]
[BlackElo "2391"]
[PlyCount "151"]
[EventDate "2011.??.??"]
[WhiteTeam "Nørresundby"]
[BlackTeam "Brønshøj"]

1. d4 Nf6 2. c4 e6 3. Nf3 c5 4. d5 exd5 5. cxd5 d6 6. Nc3 g6 7. e4 Bg7 8. Bd3
O-O 9. O-O a6 10. a4 Re8 11. h3 Nh5 12. Re1 Nd7 13. Bf1 Ne5 14. Be3 Qb6 15.
Nxe5 Bxe5 16. Qd2 Bd7 17. f4 Bg7 18. Kh2 f5 19. exf5 gxf5 20. Bd3 Qb4 21. g3
Bf6 22. Qc2 Ng7 23. Kg2 Kh8 24. Bd2 Rxe1 25. Rxe1 Qb6 26. a5 Qc7 27. g4 Bh4 28.
Rh1 c4 29. Nd1 Rc8 30. Be2 Qc5 31. Bf3 Re8 32. Qc3 Bd8 33. g5 Kg8 34. h4 Rf8
35. h5 h6 36. Ne3 Bb5 37. Nc2 Kh7 38. Re1 Ba4 39. Na3 Bb5 40. Be3 Qc7 41. Bb6
Qd7 42. g6+ Kg8 43. Bd4 Re8 44. Rxe8+ Nxe8 45. Nxc4 Bxc4 46. Qxc4 Bxa5 47. Qe2
Bd8 48. Kg3 Kf8 49. Qe3 Bf6 50. Bc3 Qe7 51. Qd3 Bxc3 52. Qxc3 Nf6 53. Qc8+ Kg7
54. Qxf5 Qe1+ 55. Kh3 Qf1+ 56. Bg2 Qe2 57. b3 a5 58. Kg3 Nxh5+ 59. Kh2 Nf6 60.
Qe6 Qxe6 61. dxe6 Kxg6 62. Bxb7 Kf5 63. Bc8 Kxf4 64. e7 d5 65. Kg2 Ke3 66. Kf1
h5 67. Ke1 h4 68. Kd1 Kd4 69. Kd2 Ke5 70. Bd7 Kd4 71. e8=Q Nxe8 72. Bxe8 h3 73.
Bh5 Ke4 74. Ke2 Kd4 75. Kd2 Ke4 76. Ke2 1/2-1/2

[Event "Politiken Cup 2011"]
[Site "Helsingor"]
[Date "2011.08.04"]
[Round "7.25"]
[White "Svane, Rasmus"]
[Black "Akdag, Dara"]
[Result "1-0"]
[WhiteElo "2346"]
[BlackElo "2201"]
[PlyCount "37"]
[EventDate "2011.??.??"]
[WhiteTeam "Lübecker Schachverein von 1873"]
[BlackTeam "BMS"]

1. d4 Nf6 2. c4 c5 3. d5 e6 4. Nc3 exd5 5. cxd5 d6 6. Nf3 g6 7. Bf4 a6 8. Nd2
b5 9. a4 b4 10. Nce4 h6 11. Qb3 Nh5 12. Qe3 Kd7 13. Nc4 Nf6 14. Nexd6 Nxd5 15.
Qd2 Kc6 16. Ne5+ Kc7 17. Nexf7 Nxf4 18. Nxd8 Bxd6 19. Nf7 1-0

[Event "Politiken Cup 2011"]
[Site "Helsingor"]
[Date "2011.08.04"]
[Round "7.26"]
[White "Molvig, Henrik"]
[Black "Giffard, Nicolas"]
[Result "1/2-1/2"]
[WhiteElo "2195"]
[BlackElo "2342"]
[PlyCount "49"]
[EventDate "2011.??.??"]
[WhiteTeam "Roskilde"]
[BlackTeam "Drancy"]

1. d4 Nf6 2. c4 e6 3. Nf3 Bb4+ 4. Nbd2 O-O 5. a3 Be7 6. e4 d5 7. e5 Nfd7 8.
cxd5 exd5 9. b4 a5 10. b5 a4 11. Bd3 c5 12. Qc2 h6 13. h4 cxd4 14. Bb2 Nc5 15.
Bh7+ Kh8 16. Ng5 d3 17. Bxd3 Nxd3+ 18. Qxd3 Bxg5 19. hxg5 Qxg5 20. Nf3 Qf5 21.
Qxd5 Be6 22. Qd6 Nd7 23. O-O Rfd8 24. Nd4 Qg6 25. Nxe6 1/2-1/2

[Event "Politiken Cup 2011"]
[Site "Helsingor"]
[Date "2011.08.04"]
[Round "7.27"]
[White "Carlstedt, Jonathan"]
[Black "Guttulsrud, Odd Martin"]
[Result "1-0"]
[WhiteElo "2336"]
[BlackElo "2177"]
[PlyCount "143"]
[EventDate "2011.??.??"]
[BlackTeam "SK 1911"]

1. e3 Nf6 2. Be2 d5 3. Nf3 c5 4. d4 Nc6 5. c4 e6 6. O-O dxc4 7. Bxc4 a6 8. Bb3
Be7 9. dxc5 Qxd1 10. Rxd1 Bxc5 11. Bd2 Ne4 12. Be1 Be7 13. Bc2 Nf6 14. Nbd2 Bb4
15. a3 Ba5 16. Nc4 Bxe1 17. Nxe1 Ke7 18. Nb6 Rb8 19. Nd3 Nd7 20. Nxd7 Bxd7 21.
Nc5 Bc8 22. Be4 Ne5 23. Rac1 Rd8 24. Rd4 Rxd4 25. exd4 Nd7 26. Nd3 Kd6 27. Bf3
Nb6 28. Rc3 Nd5 29. Bxd5 exd5 30. Rb3 b6 31. Rc3 Bd7 32. f3 f6 33. Kf2 Re8 34.
Nf4 g6 35. h4 Bb5 36. Rc2 Bd7 37. g4 a5 38. Rc1 Rg8 39. g5 Rf8 40. Ng2 h6 41.
gxf6 Rxf6 42. Kg3 Rf8 43. Nf4 Bf5 44. Re1 g5 45. hxg5 hxg5 46. Ng2 Rg8 47. Re5
Be6 48. Ne3 Rg6 49. Nd1 Rg8 50. Nc3 Rg7 51. Na4 b5 52. Nc5 Bc8 53. Re8 Kc7 54.
b3 g4 55. f4 Rh7 56. Rf8 Rh3+ 57. Kg2 a4 58. bxa4 bxa4 59. f5 Rxa3 60. f6 Rf3
61. Nxa4 Bf5 62. Nc5 Be4 63. Kg1 Rg3+ 64. Kf2 Rf3+ 65. Ke2 g3 66. Ne6+ Kd6 67.
Ng5 g2 68. Nxf3 Bxf3+ 69. Kf2 Be4 70. Re8 Bg6 71. Re5 Bf7 72. Kxg2 1-0

[Event "Politiken Cup 2011"]
[Site "Helsingor"]
[Date "2011.08.04"]
[Round "7.29"]
[White "Schultz-Pedersen, Jesper"]
[Black "Aabling-Thomsen, Jakob"]
[Result "0-1"]
[WhiteElo "2177"]
[BlackElo "2325"]
[PlyCount "42"]
[EventDate "2011.??.??"]
[WhiteTeam "Allerød"]
[BlackTeam "Brønshøj"]

1. e4 g6 2. Nc3 Bg7 3. f4 c6 4. Nf3 d5 5. d3 dxe4 6. Nxe4 Nf6 7. c3 O-O 8. Be2
Nbd7 9. Nxf6+ Bxf6 10. d4 Qb6 11. Qb3 Qc7 12. O-O Nb6 13. Ne5 c5 14. Be3 Be6
15. Qd1 Rad8 16. Qc1 Nd5 17. dxc5 Bxe5 18. fxe5 Qxe5 19. Bd4 Qxe2 20. Qh6 Nf6
21. Rxf6 Rxd4 0-1

[Event "Politiken Cup 2011"]
[Site "Helsingor"]
[Date "2011.08.04"]
[Round "7.30"]
[White "Petersen, Tom Petri"]
[Black "Klings, Peter"]
[Result "1-0"]
[WhiteElo "2324"]
[BlackElo "2149"]
[PlyCount "79"]
[EventDate "2011.??.??"]
[WhiteTeam "Nordre"]
[BlackTeam "St. Gallen"]

1. g3 d5 2. Bg2 e5 3. d3 Nc6 4. c3 a5 5. Nf3 Nf6 6. O-O h6 7. Qc2 Be6 8. Re1 a4
9. e4 dxe4 10. dxe4 Bc5 11. Be3 Qe7 12. Qe2 Nd7 13. Nbd2 Bxe3 14. Qxe3 O-O 15.
Bf1 Rfd8 16. b4 axb3 17. axb3 Na5 18. b4 Nb3 19. Nxb3 Bxb3 20. Ra7 Nb6 21. Rxb7
Bd1 22. Qxb6 Bxf3 23. Qxc7 Qf6 24. Qe7 Rd6 25. Qxf6 Rxf6 26. Re7 Ra2 27. Rxe5
g6 28. c4 Rfa6 29. b5 R6a3 30. b6 Rb2 31. Rb5 Rxb5 32. cxb5 Ra8 33. Bg2 Bxg2
34. Kxg2 Rb8 35. Rc1 Rxb6 36. Rc5 Kg7 37. h4 h5 38. Kf3 Rb7 39. Ke3 Ra7 40. Rc3
1-0

[Event "Politiken Cup 2011"]
[Site "Helsingor"]
[Date "2011.08.04"]
[Round "7.33"]
[White "Schroeder, Jan-Christian"]
[Black "Veng, Johnny"]
[Result "1/2-1/2"]
[WhiteElo "2164"]
[BlackElo "2309"]
[PlyCount "38"]
[EventDate "2011.??.??"]
[WhiteTeam "SV 1920 Hofheim"]
[BlackTeam "Nordre"]

1. e4 c5 2. Nf3 d6 3. d4 cxd4 4. Nxd4 Nf6 5. Nc3 a6 6. Be2 e5 7. Nb3 Be7 8. Bg5
Be6 9. Bxf6 Bxf6 10. Qd3 Be7 11. Rd1 Nd7 12. Nd5 Rc8 13. c3 Bxd5 14. Qxd5 Qb6
15. O-O Nf6 16. Qa5 Qc6 17. f3 O-O 18. Rd2 Bd8 19. Qb4 Bb6+ 1/2-1/2

[Event "Politiken Cup 2011"]
[Site "Helsingor"]
[Date "2011.08.04"]
[Round "7.35"]
[White "Burmeister, Rick"]
[Black "Eriksson, Christian"]
[Result "1/2-1/2"]
[WhiteElo "2298"]
[BlackElo "2129"]
[PlyCount "122"]
[EventDate "2011.??.??"]
[BlackTeam "Herlev"]

1. e4 c5 2. Nc3 Nc6 3. g3 g6 4. Bg2 Bg7 5. d3 d6 6. Nh3 Nf6 7. O-O O-O 8. f4
Bg4 9. Qd2 Nd4 10. Kh1 Qd7 11. Ng1 Be6 12. Nd1 d5 13. e5 Ng4 14. c3 Nc6 15. d4
cxd4 16. cxd4 Nh6 17. b3 f6 18. exf6 exf6 19. Nf2 Nf5 20. Bb2 Rfe8 21. Rfe1 Nd6
22. Rad1 Rad8 23. Re3 Bf8 24. g4 f5 25. Nd3 Ne4 26. Qe1 fxg4 27. Ne5 Nxe5 28.
dxe5 Bb4 29. Qf1 Qf7 30. Ne2 g5 31. Nd4 gxf4 32. Nxe6 Qxe6 33. Qxf4 Rf8 34.
Rxe4 Rxf4 35. Rxf4 Be7 36. Rfd4 Kg7 37. Bxd5 Qf5 38. Bxb7 Rxd4 39. Bxd4 Qc2 40.
Rf1 Qd3 41. Rf4 Bg5 42. Rxg4 Qd1+ 43. Rg1 Qxd4 44. Rxg5+ Kh6 45. Rg3 Qxe5 46.
a4 Qe2 47. Ba8 Qf2 48. Bd5 Qe1+ 49. Rg1 Qf2 50. Rg3 Qf1+ 51. Rg1 Qd3 52. Bc4
Qf3+ 53. Rg2 a5 54. Kg1 Qd1+ 55. Kf2 Qd4+ 56. Kf1 Qa1+ 57. Kf2 Kh5 58. Rg3 Qb2+
59. Kg1 Kh4 60. Bg8 h6 61. Bc4 Qc1+ 1/2-1/2

[Event "Politiken Cup 2011"]
[Site "Helsingor"]
[Date "2011.08.04"]
[Round "7.43"]
[White "Lilja, Richard"]
[Black "Skousen, Nikolai"]
[Result "1/2-1/2"]
[WhiteElo "2111"]
[BlackElo "2289"]
[PlyCount "45"]
[EventDate "2011.??.??"]
[WhiteTeam "Skørping"]
[BlackTeam "Øbro"]

1. e4 c5 2. Nc3 g6 3. d4 cxd4 4. Qxd4 Nf6 5. Bb5 a6 6. Qa4 Bg7 7. Nf3 O-O 8. e5
Ne8 9. Bg5 Nc7 10. Be2 Ne6 11. Be3 Nc6 12. Qe4 Qa5 13. O-O-O b5 14. h4 Qb4 15.
Qxb4 Nxb4 16. h5 Nc6 17. Nd5 Re8 18. hxg6 hxg6 19. Bh6 Bh8 20. Be3 Bg7 21. Bh6
Bh8 22. Bd2 Bg7 23. Bh6 1/2-1/2

[Event "Politiken Cup 2011"]
[Site "Helsingor"]
[Date "2011.08.04"]
[Round "7.44"]
[White "Christensen, Bo Garner"]
[Black "Poulsen, Iver"]
[Result "1/2-1/2"]
[WhiteElo "2289"]
[BlackElo "2102"]
[PlyCount "83"]
[EventDate "2011.??.??"]
[WhiteTeam "K41"]
[BlackTeam "Esbjerg"]

1. e4 c5 2. Nf3 Nc6 3. d4 cxd4 4. Nxd4 d5 5. Bb5 dxe4 6. O-O Bd7 7. Bxc6 bxc6
8. Nc3 e5 9. Nb3 Qh4 10. g3 Qg4 11. Qxg4 Bxg4 12. Nxe4 Nf6 13. Re1 Bf5 14.
Nxf6+ gxf6 15. c3 O-O-O 16. Be3 a6 17. Bb6 Rd7 18. Na5 Bd6 19. Rad1 Bc7 20.
Bxc7 Kxc7 21. Rxd7+ Bxd7 22. Rd1 Be6 23. b4 Rg8 24. a3 Rb8 25. f3 c5 26. Kf2 f5
27. Ke3 h5 28. Rb1 cxb4 29. axb4 h4 30. Nb3 hxg3 31. hxg3 Bxb3 32. Rxb3 Rg8 33.
Kf2 Kb6 34. Ra3 f6 35. c4 Rc8 36. c5+ Kb5 37. Ra5+ Kxb4 38. Rxa6 Rf8 39. Rc6
Kc4 40. Rc7 Kd5 41. Kg2 Re8 42. Kf2 1/2-1/2

[Event "Politiken Cup 2011"]
[Site "Helsingor"]
[Date "2011.08.04"]
[Round "7.37"]
[White "Patuzzo, Fabrizio"]
[Black "Skjoldager, Mikael"]
[Result "1-0"]
[WhiteElo "2274"]
[BlackElo "1998"]
[PlyCount "80"]
[EventDate "2011.??.??"]
[WhiteTeam "Mendrisio"]
[BlackTeam "Evans"]

1. Nf3 Nf6 2. c4 g6 3. Nc3 d5 4. cxd5 Nxd5 5. Qa4+ c6 6. d4 Bg7 7. e3 O-O 8.
Be2 Nd7 9. O-O Nxc3 10. bxc3 c5 11. Ba3 Qc7 12. Nd2 a6 13. Nb3 b6 14. Bf3 Rb8
15. Rab1 Rd8 16. Rfc1 e6 17. Qc6 Qa7 18. dxc5 Bb7 19. cxb6 Nxb6 20. Qc7 Rdc8
21. Qf4 Bxf3 22. Qxf3 Nc4 23. Bb2 Nxb2 24. Rxb2 Rxc3 25. Rxc3 Bxc3 26. Rc2 Bg7
27. Qf4 Rd8 28. h4 Bf8 29. Nd2 Bd6 30. Qf3 Bc5 31. Ne4 Be7 32. Qf4 Qb8 33. Rc7
Qb4 34. Qe5 Qb1+ 35. Kh2 Qb4 36. g3 Qa3 37. h5 Rd5 38. Rc8+ Rd8 39. h6 f6 40.
Qxe6+ Kf8 1-0

[Event "Politiken Cup 2011"]
[Site "Helsingor"]
[Date "2011.08.04"]
[Round "7.39"]
[White "Lyngsjo, Hakan"]
[Black "Sbarra, Marco"]
[Result "0-1"]
[WhiteElo "1943"]
[BlackElo "2266"]
[PlyCount "62"]
[EventDate "2011.??.??"]

1. e4 e5 2. Nf3 Nc6 3. Bb5 a6 4. Ba4 Nf6 5. O-O Be7 6. Re1 b5 7. Bb3 d6 8. c3
O-O 9. d4 Bg4 10. Be3 Qd7 11. Nbd2 exd4 12. cxd4 d5 13. e5 Ne4 14. Rc1 Nxd2 15.
Bxd2 Nxd4 16. Be3 Nxb3 17. Qxb3 Bxf3 18. gxf3 c6 19. Bc5 Rfe8 20. f4 Bxc5 21.
Rxc5 Re6 22. f5 Rh6 23. Qc2 Rc8 24. f4 Rh4 25. e6 fxe6 26. fxe6 Qd6 27. e7 Re8
28. Rxc6 Qxf4 29. Qe2 Qg5+ 30. Kh1 Re4 31. Qf2 Qxe7 0-1

[Event "Politiken Cup 2011"]
[Site "Helsingor"]
[Date "2011.08.04"]
[Round "7.38"]
[White "Lercel, Michal"]
[Black "Ochsner, Bjorn Moller"]
[Result "1/2-1/2"]
[WhiteElo "2141"]
[BlackElo "2258"]
[PlyCount "78"]
[EventDate "2011.??.??"]
[WhiteTeam "Oksir Wiznia Mala"]

1. e4 c5 2. Nf3 e6 3. b3 a6 4. Bb2 Nc6 5. c4 Qc7 6. g3 Nf6 7. Qe2 d6 8. d4 cxd4
9. Nxd4 Bd7 10. Bg2 b5 11. O-O Nxd4 12. Bxd4 Bc6 13. Nc3 Qb7 14. Bxf6 gxf6 15.
Nd5 Be7 16. Nb4 Rc8 17. Rac1 O-O 18. Nxc6 Qxc6 19. e5 Qb6 20. exf6 Bxf6 21. Be4
Bg7 22. cxb5 axb5 23. Bd3 Rxc1 24. Rxc1 Rb8 25. Qe4 h6 26. Rc6 Qa5 27. Rxd6
Qxa2 28. Rd7 Qa1+ 29. Kg2 Qe5 30. Qf3 Qf6 31. Qe4 Qe5 32. Qf3 Qf6 33. Qe4 b4
34. Ra7 Qd4 35. Ra8 Qd8 36. Ra7 Qb6 37. Ra6 Qc5 38. Qh7+ Kf8 39. Qe4 Qd4
1/2-1/2

[Event "Politiken Cup 2011"]
[Site "Helsingor"]
[Date "2011.08.04"]
[Round "7.31"]
[White "Thybo, Jesper Sondergaard"]
[Black "Rehn, Ralf"]
[Result "0-1"]
[WhiteElo "1921"]
[BlackElo "2237"]
[PlyCount "124"]
[EventDate "2011.??.??"]
[WhiteTeam "Skive"]
[BlackTeam "HaSS"]

1. d4 f5 2. g3 Nf6 3. Bg2 e6 4. Nf3 d5 5. O-O Bd6 6. c4 c6 7. Nc3 O-O 8. Qc2
Ne4 9. Rb1 Na6 10. c5 Be7 11. b4 Nc7 12. Ne5 Bf6 13. Rd1 Nxc3 14. Qxc3 Bd7 15.
a4 Be8 16. Bf3 Bxe5 17. dxe5 Qd7 18. Be3 a6 19. Bd4 Bg6 20. Rb3 Qf7 21. Bg2 Bh5
22. Bf1 f4 23. Rdb1 Bg6 24. R1b2 Be4 25. Bg2 Bxg2 26. Kxg2 Qg6 27. Qd3 Rf5 28.
f3 h5 29. e4 dxe4 30. Qxe4 Raf8 31. Bf2 Qg5 32. Re2 Nd5 33. Kf1 fxg3 34. hxg3
h4 35. gxh4 Qh5 36. Qg4 Qf7 37. Rd2 Rf4 38. Qg3 Qf5 39. Qg5 Qf7 40. Qg3 Rxb4
41. Rxb4 Nxb4 42. Kg2 Nd5 43. Rb2 Nf4+ 44. Kf1 Qd7 45. Kg1 Rf7 46. Be3 Qd1+ 47.
Kh2 Nd5 48. f4 Qd3 49. Bc1 Qe4 50. Rf2 Ne7 51. Rd2 Nd5 52. Rf2 Qb1 53. Qg1 Qh7
54. Qg5 Qb1 55. Qg1 Qe4 56. Qg3 Ne7 57. Rd2 Nf5 58. Rd8+ Rf8 59. Rxf8+ Kxf8 60.
Qb3 Qe2+ 61. Kh3 Qf1+ 62. Kg4 Qg2+ 0-1

[Event "Politiken Cup 2011"]
[Site "Helsingor"]
[Date "2011.08.04"]
[Round "7.40"]
[White "Rosenkilde, Alexander"]
[Black "Krzesinski, Paul"]
[Result "1-0"]
[WhiteElo "2235"]
[BlackElo "1832"]
[PlyCount "43"]
[EventDate "2011.??.??"]
[WhiteTeam "Taastrup"]
[BlackTeam "Sabt Frankfurter TV 1860"]

1. d4 f5 2. g3 Nf6 3. Bg2 g6 4. Nf3 Bg7 5. O-O O-O 6. b3 d6 7. Bb2 c6 8. c4 Re8
9. Nbd2 Nbd7 10. Qc2 e5 11. dxe5 dxe5 12. e4 f4 13. Rad1 Nh5 14. c5 b5 15. cxb6
axb6 16. Qxc6 Rxa2 17. Nc4 Qf6 18. Rd6 Qf7 19. Ng5 Nb8 20. Nxf7 Nxc6 21. Rxc6
Kxf7 22. Nd6+ 1-0

[Event "Politiken Cup 2011"]
[Site "Helsingor"]
[Date "2011.08.04"]
[Round "7.45"]
[White "Jorgensen, Dennis"]
[Black "Skou, Niels"]
[Result "1/2-1/2"]
[WhiteElo "2231"]
[BlackElo "2093"]
[PlyCount "47"]
[EventDate "2011.??.??"]
[WhiteTeam "Allerød"]
[BlackTeam "Evans"]

1. d4 Nf6 2. Nf3 g6 3. g3 Bg7 4. Bg2 O-O 5. O-O d5 6. Bf4 c6 7. Nbd2 Bf5 8. c3
Qb6 9. Qb3 Ne4 10. Nxe4 Bxe4 11. Bh3 Bxf3 12. exf3 e6 13. Qa3 Rc8 14. Bd6 Nd7
15. Qb3 c5 16. dxc5 Nxc5 17. Qxb6 axb6 18. Rfd1 Rc6 19. Be7 h6 20. Bf1 Rc7 21.
Bd6 Rc6 22. Bf4 e5 23. Bd2 d4 24. Bb5 1/2-1/2

[Event "Politiken Cup 2011"]
[Site "Helsingor"]
[Date "2011.08.04"]
[Round "7.46"]
[White "Jensen, Michael Agermose"]
[Black "Hansen, Mads"]
[Result "1/2-1/2"]
[WhiteElo "2109"]
[BlackElo "2224"]
[PlyCount "159"]
[EventDate "2011.??.??"]
[WhiteTeam "Frem"]
[BlackTeam "Frem"]

1. e4 c5 2. d4 cxd4 3. c3 dxc3 4. Nxc3 Nc6 5. Nf3 d6 6. Bc4 a6 7. O-O Nf6 8.
Bf4 Bg4 9. h3 Bxf3 10. Qxf3 e6 11. Rfd1 Qb8 12. Be2 Ne5 13. Qg3 Ng6 14. Bxd6
Bxd6 15. Rxd6 O-O 16. Rad1 Ne8 17. Rd7 Qxg3 18. fxg3 Rb8 19. Na4 Ne5 20. Rd8
Nf6 21. Rxb8 Rxb8 22. Nc5 Kf8 23. Kf2 Rc8 24. Nxb7 Rc2 25. Ke3 Rxb2 26. Nc5
Rxa2 27. Bxa6 Rxg2 28. Kf4 Ng6+ 29. Kf3 Rc2 30. Rd8+ Ke7 31. Rc8 Rc3+ 32. Kg2
Rc2+ 33. Kf3 Ne5+ 34. Ke3 Ned7 35. Nxd7 Rxc8 36. Bxc8 Nxd7 37. Ba6 Nc5 38. Be2
e5 39. Bc4 Ne6 40. Bd3 Nc5 41. Bc4 Nb7 42. Ba6 Nd6 43. Bd3 Kd7 44. h4 Kc6 45.
g4 Kc5 46. Ba6 Kb4 47. Kd3 h6 48. g5 hxg5 49. hxg5 g6 50. Ke3 Kc3 51. Bd3 Nc4+
52. Ke2 Kd4 53. Bb1 Nd6 54. Kf3 Kc5 55. Ba2 Kc6 56. Bd5+ Kd7 57. Ke3 Ke7 58.
Kf3 Ne8 59. Bb7 Nc7 60. Bc6 Kd6 61. Ba4 Kc5 62. Bb3 Ne6 63. Kg4 Kd4 64. Bd5 Ke3
65. Bc6 Nf4 66. Bb7 Nd3 67. Bd5 Nf2+ 68. Kh4 Nd3 69. Bxf7 Nf4 70. Bd5 Kf3 71.
Bc6 Ne6 72. Be8 Nf8 73. Bc6 Kf4 74. Bd5 Kf3 75. Kh3 Nh7 76. Kh4 Kf4 77. Bf7
Nxg5 78. Bxg6 Nxe4 79. Kh3 Kf3 80. Kh2 1/2-1/2

[Event "Politiken Cup 2011"]
[Site "Helsingor"]
[Date "2011.08.04"]
[Round "7.47"]
[White "Krasenkova, Ilena"]
[Black "Thingstad, Even"]
[Result "1/2-1/2"]
[WhiteElo "2092"]
[BlackElo "2223"]
[PlyCount "328"]
[EventDate "2011.??.??"]
[BlackTeam "Hønefoss"]

1. d4 Nf6 2. c4 e6 3. g3 Bb4+ 4. Bd2 Be7 5. Bg2 d5 6. Nf3 O-O 7. O-O c6 8. Qb3
b6 9. cxd5 cxd5 10. Ne5 Ba6 11. Nc3 Nfd7 12. Nxd5 exd5 13. Nxf7 Rxf7 14. Bxd5
Nc6 15. Bxc6 Nf6 16. Bxa8 Qxa8 17. Rfe1 Qe4 18. Rad1 Bxe2 19. Rc1 Nd5 20. Rc8+
Bf8 21. Rd8 Qf3 22. Qxf3 Bxf3 23. Re5 Nf6 24. Bb4 Bc6 25. Re7 Rxe7 26. Bxe7 Ne8
27. Bxf8 Kxf8 28. Rc8 Bd5 29. b3 Ke7 30. Rc3 Kd6 31. f3 Nc7 32. Kf2 a5 33. Ke3
Bc6 34. Rc2 Nd5+ 35. Kf2 Nc7 36. Ke3 Nd5+ 37. Kf2 Nb4 38. Rd2 g6 39. h4 b5 40.
g4 Bd5 41. Ke3 Be6 42. Rh2 Nd5+ 43. Kd3 h6 44. Kd2 Bd7 45. Re2 b4 46. Re5 a4
47. bxa4 Bxa4 48. h5 g5 49. Rf5 Bc6 50. Rf8 Ke7 51. Rh8 Nf6 52. Ke2 Bd5 53. Rb8
Bc4+ 54. Kf2 Nd5 55. Rh8 Bxa2 56. Rxh6 b3 57. Rh7+ Kf8 58. Rb7 Nc3 59. h6 Kg8
60. Ke1 Na4 61. d5 Nc5 62. Rb8+ Kh7 63. Kd2 b2 64. Rxb2 Bxd5 65. Ke3 Ne6 66.
Rb6 Kxh6 67. Rd6 Bb3 68. Ke4 Kg6 69. Ke5 Kf7 70. Rd7+ Kg6 71. Rb7 Bc4 72. Rb4
Ba2 73. Rb6 Kf7 74. Rb7+ Kg6 75. Re7 Ng7 76. Ra7 Bb3 77. Ra6+ Kf7 78. Rf6+ Ke7
79. Rb6 Bd1 80. Rb7+ Kf8 81. Kf6 Ne8+ 82. Kxg5 Bxf3 83. Rb4 Kg7 84. Kf4 Bd5 85.
g5 Bf7 86. Rb6 Bg6 87. Rc6 Bb1 88. Ke5 Kf7 89. Rb6 Bc2 90. Rb2 Bd3 91. Rb6 Bc2
92. Kf4 Ng7 93. Rf6+ Ke7 94. Ke5 Ne8 95. Rc6 Bb1 96. g6 Kf8 97. Kf4 Kg7 98. Kg5
Bd3 99. Re6 Bb5 100. Re7+ Kf8 101. Rb7 Bc6 102. Rf7+ Kg8 103. Kh6 Bd5 104. Rd7
Bc6 105. Rd8 Bb5 106. Rb8 Bc6 107. Rd8 Ba4 108. Ra8 Bb5 109. Ra5 Bc6 110. Rf5
Ba4 111. g7 Nxg7 112. Rg5 Bb3 113. Rxg7+ Kh8 114. Rh7+ Kg8 115. Rb7 Bc2 116.
Rc7 Bd3 117. Rg7+ Kf8 118. Rg3 Bc2 119. Kg5 Kg7 120. Ra3 Bh7 121. Ra7+ Kh8 122.
Kf6 Bd3 123. Rc7 Kg8 124. Rc8+ Kh7 125. Rc3 Bb1 126. Kg5 Kh8 127. Rc1 Ba2 128.
Kg6 Bb3 129. Rc6 Bd5 130. Rd6 Bc4 131. Rf6 Kg8 132. Rc6 Bf7+ 133. Kf6 Ba2 134.
Kg6 Kh8 135. Kh6 Kg8 136. Ra6 Bc4 137. Kg6 Bf7+ 138. Kh6 Bd5 139. Rd6 Be4 140.
Rd8+ Kf7 141. Kg5 Kg7 142. Rd7+ Kg8 143. Kh6 Bc2 144. Rg7+ Kf8 145. Rg3 Be4
146. Kg5 Kg7 147. Kf4+ Bg6 148. Ke5 Kf7 149. Rb3 Bc2 150. Rg3 Bg6 151. Kf4 Bh7
152. Rg5 Kf6 153. Rc5 Bb1 154. Rc7 Bg6 155. Rc6+ Kg7 156. Kg5 Be4 157. Rc7+ Kg8
158. Kf6 Bd3 159. Rg7+ Kh8 160. Kf7 Bc4+ 161. Kf8 Bd3 162. Rg3 Be4 163. Rh3+
Bh7 164. Rxh7+ Kxh7 1/2-1/2

[Event "Politiken Cup 2011"]
[Site "Helsingor"]
[Date "2011.08.04"]
[Round "7.62"]
[White "Hartvig, Ove Weiss"]
[Black "Andersen, Dag"]
[Result "1/2-1/2"]
[WhiteElo "2220"]
[BlackElo "1885"]
[PlyCount "112"]
[EventDate "2011.??.??"]
[WhiteTeam "Esbjerg"]
[BlackTeam "Sarpsborg Sjakklubb"]

1. g3 d5 2. Bg2 Nf6 3. Nf3 e6 4. c4 Be7 5. O-O O-O 6. b3 c5 7. Bb2 Nc6 8. cxd5
Nxd5 9. Na3 Bf6 10. Qc2 Bxb2 11. Qxb2 b6 12. Rfd1 Bb7 13. d4 cxd4 14. Nxd4 Nxd4
15. Rxd4 Qe7 16. Rad1 Rac8 17. Nc4 Rc7 18. e4 Nf6 19. e5 Nd5 20. Qd2 Ba8 21. h4
h6 22. a4 Rb8 23. Nd6 a6 24. Kh2 b5 25. a5 Nc3 26. Re1 Bxg2 27. Kxg2 Nd5 28.
Ree4 f5 29. Re1 Rf8 30. f4 g6 31. b4 Qd8 32. Rc1 Rxc1 33. Qxc1 Qa8 34. Kf2 Kg7
35. h5 gxh5 36. Rd1 h4 37. gxh4 Kh7 38. Rg1 Rg8 39. Rxg8 Kxg8 40. h5 Kh7 41.
Qc5 Qd8 42. Kf3 Qg8 43. Qa7+ Qg7 44. Qxg7+ Kxg7 45. Nxb5 axb5 46. a6 Kf7 47. a7
Nc7 48. Ke3 Ke7 49. Kd4 Kd7 50. Kc5 Na8 51. Kxb5 Kc7 52. Kc5 Nb6 53. b5 Na8 54.
Kb4 Nb6 55. Kc5 Na8 56. Kb4 Nb6 1/2-1/2

[Event "Politiken Cup 2011"]
[Site "Helsingor"]
[Date "2011.08.04"]
[Round "7.50"]
[White "Carnstam, Tomas"]
[Black "Hobber, Anders"]
[Result "0-1"]
[WhiteElo "2062"]
[BlackElo "2179"]
[PlyCount "108"]
[EventDate "2011.??.??"]
[BlackTeam "Porsgrunn"]

1. d4 e6 2. c4 Nf6 3. Nc3 Bb4 4. Qc2 Nc6 5. Nf3 d6 6. Bd2 Qe7 7. e3 O-O 8. Bd3
Bxc3 9. Bxc3 e5 10. d5 Nb8 11. Bf5 Nbd7 12. h4 a5 13. Ng5 g6 14. Bxd7 Nxd7 15.
O-O h6 16. Nf3 Nc5 17. e4 f5 18. exf5 Bxf5 19. Qd2 Kg7 20. Rae1 Kh7 21. Re3 Bg4
22. Nh2 Qxh4 23. Nxg4 Qxg4 24. Rh3 g5 25. f3 Qf4 26. g3 Qxd2 27. Bxd2 Kg6 28.
Kg2 h5 29. Rfh1 Rh8 30. b3 b6 31. Be3 Raf8 32. R3h2 Rf7 33. Bxc5 bxc5 34. Re1
Rhf8 35. g4 h4 36. Rh3 Rf4 37. Re3 Rd4 38. Rh2 Rd2+ 39. Kg1 Rxh2 40. Kxh2 Rf4
41. Kg2 e4 42. fxe4 Kf6 43. e5+ dxe5 44. Rd3 Rxg4+ 45. Kh2 Rd4 46. Rf3+ Rf4 47.
Rd3 e4 48. d6 exd3 49. dxc7 d2 50. c8=Q d1=Q 51. Qf8+ Kg6 52. Qg8+ Kf5 53. Qc8+
Ke4 54. Qc6+ Kd3 0-1

[Event "Politiken Cup 2011"]
[Site "Helsingor"]
[Date "2011.08.04"]
[Round "7.52"]
[White "Jorgensen, Carina Eilegaard"]
[Black "Pavlovskaia, Evgenia"]
[Result "1-0"]
[WhiteElo "2030"]
[BlackElo "2175"]
[PlyCount "101"]
[EventDate "2011.??.??"]
[WhiteTeam "Taastrup"]
[BlackTeam "Esløv SK"]

1. d4 d5 2. c4 e6 3. Nf3 Nf6 4. g3 Bb4+ 5. Bd2 Bxd2+ 6. Nbxd2 O-O 7. Bg2 dxc4
8. Nxc4 Nbd7 9. b4 Nb6 10. Nxb6 axb6 11. O-O Qe7 12. Qb3 Rd8 13. Rac1 c6 14. e3
Bd7 15. Ne5 Be8 16. Rc4 Nd5 17. Rfc1 b5 18. Rc5 Ra4 19. Bxd5 exd5 20. a3 h5 21.
h4 Qe6 22. R5c3 Qf5 23. Qd1 Rda8 24. Ra1 f6 25. Nd3 R4a7 26. Nf4 b6 27. Qd3
Qxd3 28. Rxd3 Kf8 29. f3 Ke7 30. Rc3 Kd6 31. e4 dxe4 32. fxe4 Ra4 33. Nd3 Bd7
34. Kf2 Re8 35. e5+ fxe5 36. dxe5+ Kc7 37. Re1 Bf5 38. Nf4 c5 39. Nxh5 g6 40.
Nf6 Rf8 41. bxc5 bxc5 42. Rxc5+ Kb6 43. Rc3 Ka5 44. Ra1 Rc4 45. Rxc4 bxc4 46.
Rc1 Be6 47. Ke3 Rd8 48. Rc3 Rd1 49. Ne4 Rf1 50. Nd6 Re1+ 51. Kf4 1-0

[Event "Politiken Cup 2011"]
[Site "Helsingor"]
[Date "2011.08.04"]
[Round "7.63"]
[White "Andersen, Morten"]
[Black "Stolberg-Rohr, Thomine"]
[Result "1-0"]
[WhiteElo "2172"]
[BlackElo "1964"]
[PlyCount "105"]
[EventDate "2011.??.??"]
[WhiteTeam "Centrum"]
[BlackTeam "Evans"]

1. d4 g6 2. c4 Bg7 3. e4 d6 4. Nc3 e5 5. dxe5 dxe5 6. Qxd8+ Kxd8 7. Bg5+ f6 8.
O-O-O+ Bd7 9. Be3 Kc8 10. f4 Nc6 11. Nf3 Bg4 12. c5 exf4 13. Bxf4 Bh6 14. Bxh6
Nxh6 15. Nd5 f5 16. exf5 Bxf3 17. gxf3 Nxf5 18. Bh3 Rf8 19. Rhe1 b6 20. f4 Kb7
21. Bg2 bxc5 22. Ne7 Nfxe7 23. Rxe7 Rad8 24. Rxd8 Rxd8 25. Rxh7 Kb6 26. Rg7 Rd6
27. Be4 Nd4 28. Rxg6 Ne2+ 29. Kc2 Nxf4 30. Rg4 Ne2 31. h4 Nd4+ 32. Kd3 Nf5+ 33.
Kc3 Nh6 34. Rf4 Rd1 35. h5 Rd6 36. Rf8 Kb5 37. Rb8+ Rb6 38. Ra8 Re6 39. Rb8+
Rb6 40. Rc8 Re6 41. Bg6 Kc6 42. Ra8 Kb7 43. Rh8 Ng4 44. Re8 Rd6 45. Be4+ Ka6
46. Bf3 Nh6 47. Rb8 Rb6 48. Be2+ Ka5 49. Ra8 a6 50. a3 Re6 51. b4+ cxb4+ 52.
axb4+ Ka4 53. Bxa6 1-0